[Event "Lille Luce op 6th"]
[Site "Lille"]
[Date "2015.05.08"]
[Round "7"]
[White "Declercq, Jean"]
[Black "Stas, Arnould"]
[Result "1/2-1/2"]
[WhiteElo "1763"]
[BlackElo "1967"]
[PlyCount "70"]
[EventDate "2015.05.04"]
[EventType "swiss"]
[EventRounds "9"]
[EventCountry "FRA"]
[SourceTitle "EXT 2017"]
[Source "ChessBase"]
[SourceDate "2016.10.25"]
[SourceVersion "1"]
[SourceVersionDate "2016.10.25"]
[SourceQuality "1"]

1. d4 Nf6 2. c4 g6 3. f3 Bg7 4. e4 d6 5. Be3 0-0 6. Ne2 Nc6 7. Qd2 Rb8 8. Na3 a6 9. Nc3 Qe8 10. Nc2 Nd8 11. a4 Nd7 12. Be2 c5 13. d5 Nf6 14. 0-0 Qd7 15. b4 cxb4 16. Nxb4 Qc7 17. Rfc1 Nd7 18. Rab1 Nc5 19. Bd4 Bd7 20. Bxg7 Kxg7 21. Qc2 f6 22. Kh1 Nf7 23. Nd3 Rfc8 24. Rb4 Nxd3 25. Bxd3 Be8 26. Rcb1 Ne5 27. Ne2 Nd7 28. Nd4 Nc5 29. Ra1 Qa5 30. Rab1 Qc7 31. Be2 Bd7 32. Bf1 Kf7 33. Be2 Be8 34. Qa2 Qa5 35. Qc2 Qc7 1/2-1/2

[Event "Lille Luce op 6th"]
[Site "Lille"]
[Date "2015.05.06"]
[Round "4"]
[White "Real, Thibault"]
[Black "Declercq, Jean"]
[Result "1-0"]
[WhiteElo "2026"]
[BlackElo "1763"]
[PlyCount "37"]
[EventDate "2015.05.04"]
[EventType "swiss"]
[EventRounds "9"]
[EventCountry "FRA"]
[SourceTitle "EXT 2017"]
[Source "ChessBase"]
[SourceDate "2016.10.25"]
[SourceVersion "1"]
[SourceVersionDate "2016.10.25"]
[SourceQuality "1"]

1. e4 c6 2. c4 d5 3. cxd5 cxd5 4. exd5 Nf6 5. Nc3 Nxd5 6. Nf3 e6 7. d4 Nc6 8. Bd3 Bb4 9. Bd2 Qa5 10. Qb3 Bd7 11. 0-0 0-0 12. Rfe1 Rfe8 13. Rad1 Rac8 14. Bb1 Nce7 15. Ne4 Ba4 16. Bxb4 Nxb4 17. Qa3 Ned5 18. b3 Nb6 19. Nd6 1-0

[Event "Lille Luce op 5th"]
[Site "Lille"]
[Date "2014.05.02"]
[Round "7"]
[White "Declercq, Jean"]
[Black "Alloui Cros, Baptiste"]
[Result "1-0"]
[WhiteElo "1770"]
[BlackElo "1943"]
[PlyCount "77"]
[EventDate "2014.04.28"]
[EventType "swiss"]
[EventRounds "9"]
[EventCountry "FRA"]
[SourceTitle "CBM 160 Extra"]
[Source "ChessBase"]
[SourceDate "2014.07.01"]
[SourceVersion "1"]
[SourceVersionDate "2014.07.01"]
[SourceQuality "1"]

1. Nf3 Nf6 2. c4 g6 3. Nc3 d6 4. d4 Bg7 5. e4 0-0 6. Be2 e5 7. Be3 Ng4 8. Bg5 f6 9. Bc1 f5 10. dxe5 Nxe5 11. Qb3 c5 12. Qd1 Nbc6 13. 0-0 Be6 14. exf5 Rxf5 15. Nd5 Nxf3+ 16. Bxf3 Ne5 17. Be4 Rh5 18. Nf4 Qh4 19. Nxh5 Qxe4 20. Nxg7 Kxg7 21. Re1 Qc6 22. f4 Bg4 23. Qd5 Nf7 24. Bd2 Kf8 25. Bc3 Bf5 26. Qd2 a6 27. Qf2 b5 28. b3 d5 29. cxd5 Qd6 30. Re3 h5 31. Rae1 Qxd5 32. Qh4 Qd6 33. R3e2 c4 34. bxc4 bxc4 35. Qg3 Bd3 36. Re6 Qc5+ 37. Kh1 Qf5 38. Qe3 Qb5 39. Qd4 1-0

[Event "Lille Luce op 5th"]
[Site "Lille"]
[Date "2014.05.01"]
[Round "5"]
[White "Declercq, Jean"]
[Black "Kathstede, Gerd"]
[Result "1/2-1/2"]
[WhiteElo "1770"]
[BlackElo "2120"]
[PlyCount "83"]
[EventDate "2014.04.28"]
[EventType "swiss"]
[EventRounds "9"]
[EventCountry "FRA"]
[SourceTitle "CBM 160 Extra"]
[Source "ChessBase"]
[SourceDate "2014.07.01"]
[SourceVersion "1"]
[SourceVersionDate "2014.07.01"]
[SourceQuality "1"]

1. c4 c5 2. Nc3 Nf6 3. Nf3 Nc6 4. d4 cxd4 5. Nxd4 g6 6. g3 Bg7 7. Bg2 Nxd4 8. Qxd4 0-0 9. 0-0 d6 10. Bg5 Qa5 11. Qd2 Re8 12. Rab1 Rb8 13. Rfc1 Bd7 14. b4 Qd8 15. Be3 b6 16. Nb5 a6 17. Nd4 Ng4 18. Nc6 Bxc6 19. Bxc6 Rf8 20. Bd4 Bxd4 21. Qxd4 Ne5 22. Be4 Nd7 23. h4 Nf6 24. Bf3 Qd7 25. Kh2 h5 26. e4 Rfc8 27. e5 dxe5 28. Qxe5 Qc7 29. Qxc7 Rxc7 30. Rc2 Rbc8 31. Rbc1 Nd7 32. Be2 a5 33. a3 e6 34. f4 Kf8 35. Rd2 Ke7 36. Rcd1 axb4 37. axb4 Ra8 38. Rb2 Ra3 39. Rd3 Ra1 40. Rbd2 Rb1 41. b5 Nc5 42. Ra3 1/2-1/2

[Event "Lille Luce op 5th"]
[Site "Lille"]
[Date "2014.04.30"]
[Round "3"]
[White "Shirazi, Kamran"]
[Black "Declercq, Jean"]
[Result "1-0"]
[WhiteElo "2366"]
[BlackElo "1770"]
[PlyCount "61"]
[EventDate "2014.04.28"]
[EventType "swiss"]
[EventRounds "9"]
[EventCountry "FRA"]
[SourceTitle "CBM 160 Extra"]
[Source "ChessBase"]
[SourceDate "2014.07.01"]
[SourceVersion "1"]
[SourceVersionDate "2014.07.01"]
[SourceQuality "1"]

1. e4 c6 2. Bc4 d5 3. Bb3 e6 4. d4 dxe4 5. Nc3 Nf6 6. f3 Bb4 7. fxe4 e5 8. a3 Ba5 9. Nge2 Bg4 10. Be3 Nbd7 11. h3 Bh5 12. Qd3 Bxe2 13. Qxe2 Qe7 14. 0-0 0-0 15. d5 Bxc3 16. bxc3 Nxe4 17. dxc6 bxc6 18. Qc4 Ndc5 19. Ba2 Rad8 20. Rf3 a5 21. Raf1 Rd5 22. Kh2 Qd7 23. Bxc5 Nxc5 24. Qe2 f6 25. Qxe5 Kh8 26. Bxd5 cxd5 27. c4 Rd8 28. cxd5 Kg8 29. Qh5 Qd6+ 30. Kh1 Ne4 31. Qg4 1-0

[Event "Lille Luce op 1st"]
[Site "Lille"]
[Date "2010.04.05"]
[Round "4"]
[White "Giffard, Nicolas"]
[Black "Declercq, Jean"]
[Result "1-0"]
[WhiteElo "2361"]
[BlackElo "1850"]
[PlyCount "39"]
[EventDate "2010.04.03"]
[EventType "swiss"]
[EventRounds "9"]
[EventCountry "FRA"]
[SourceTitle "EXT 2011"]
[Source "ChessBase"]
[SourceDate "2010.11.26"]
[SourceVersion "1"]
[SourceVersionDate "2010.11.26"]
[SourceQuality "1"]

1. d4 Nf6 2. c4 d5 3. cxd5 Nxd5 4. e4 Nf6 5. e5 Nd5 6. Bd3 e6 7. Nf3 c5 8. dxc5 Bxc5 9. 0-0 h6 10. a3 Bd7 11. Qe2 Qb6 12. Qe4 Bb5 13. Bxb5+ Qxb5 14. Qg4 Rg8 15. b4 Bb6 16. Bxh6 Nd7 17. Bg5 Rc8 18. Nbd2 Ne7 19. Ne4 Nf5 20. Qxf5 1-0